00802nam a22001577a 450000500170000000800410001702000150005805000160007310000180008924501090010726000250021630000310024150000520027250503040032470000160062820210414114022.0120618t xxu||||| |||| 00| 0 eng d a0262692082 aHJ4652.S528 aSlemrod, Joel aTaxing ourselves: a citizen's guide to the great debate over tax reform. /cJoel Slemrod, and Jon Bakija aLondon:bMIT,c1996. axv, 299 p.:bill.;c22 cm. aIncludes bibliographical references and index. aContents: Introduction -- An Overview of the U.S. tax system -- Fairness -- Taxes and the economic equity -- Simplicity and enforceability -- Elements of fundamental reform -- What are the alternatives -- Building a better income tax -- A Voter's guide to the tax policy debate -- Epilogue -- Notes. aBakija, Jon